000
00260nam a2200109Ia 4500
100
_a
BUREAU OF STANDARDS.
942
_c
BK
245
_a
ENGG.DRAWING PRACTICE FOR SCHOOLS & COLLEGES.
260
_b
BUREAU OF STANDARDS
_a
Mumbai
546
_a
ENGLISH
999
_c
29107
_d
29107